[Event "Runavik op"]
[Site "Runavik"]
[Date "2017.11.22"]
[Round "3"]
[White "Karason, Askell Orn"]
[Black "Fjallheim, Leif Reinert"]
[Result "1-0"]
[WhiteElo "2249"]
[BlackElo "1747"]
[PlyCount "129"]
[EventDate "2017.11.20"]
[EventType "swiss"]
[EventRounds "9"]
[EventCountry "FAI"]
[SourceTitle "CBM 181 Extra"]
[Source "ChessBase"]
[SourceDate "2017.12.12"]
[SourceVersion "1"]
[SourceVersionDate "2017.12.12"]
[SourceQuality "1"]

1. d4 Nf6 2. c4 g6 3. Nc3 Bg7 4. e4 d6 5. Be2 0-0 6. Bg5 e5 7. dxe5 dxe5 8. Qxd8 Rxd8 9. Nd5 Nbd7 10. Nxc7 Rb8 11. Rd1 b6 12. Nd5 Bb7 13. f3 h6 14. Be3 Nxd5 15. cxd5 Rbc8 16. Rc1 a6 17. Bd3 Nc5 18. Bc2 a5 19. Ne2 Ba6 20. a3 Bf8 21. Kf2 Kg7 22. Rhd1 Bd6 23. b4 Nd7 24. Bd2 axb4 25. axb4 Rc7 26. Ba4 b5 27. Bb3 Nb6 28. Rxc7 Bxc7 29. Ra1 Bc8 30. Be3 Nd7 31. Bc5 Bb6 32. Bxb6 Nxb6 33. Nc3 Bd7 34. Ra5 Rc8 35. Nxb5 Nc4 36. Bxc4 Rxc4 37. Nd6 Rxb4 38. Ra7 Bb5 39. Rxf7+ Kg8 40. Rb7 Rb2+ 41. Kg3 h5 42. h4 g5 43. hxg5 h4+ 44. Kxh4 Rxg2 45. Nxb5 Kf8 46. Nd6 Rh2+ 47. Kg4 Rg2+ 48. Kf5 Rf2 49. Kg6 Rf1 50. Rf7+ Kg8 51. Re7 Rxf3 52. Nf5 Kf8 53. d6 Rd3 54. Kf6 Ra3 55. Rc7 Ra8 56. g6 Kg8 57. Nh6+ Kf8 58. g7+ Ke8 59. Re7+ Kd8 60. Nf7+ Kc8 61. d7+ Kb7 62. d8Q+ Kc6 63. Qd5+ Kb6 64. Nd8 Ra6 65. Rb7# 1-0